[Event "BL 0607 SV Wattenscheid - SV Mülheim No"]
[Site "?"]
[Date "2006.12.09"]
[Round "5.3"]
[White "Golod, Vitali"]
[Black "Johannessen, Leif Erlend"]
[Result "1/2-1/2"]
[WhiteElo "2582"]
[BlackElo "2551"]
[PlyCount "89"]
[EventDate "2006.??.??"]

1. d4 Nf6 2. c4 e6 3. Nc3 Bb4 4. Qc2 d5 5. a3 Bxc3+ 6. Qxc3 Ne4 7. Qc2 Nc6 8.
e3 e5 9. f3 Nf6 10. dxe5 Nxe5 11. cxd5 Qxd5 12. e4 Qc6 13. Qxc6+ Nxc6 14. Be3
Bd7 15. Ne2 O-O-O 16. O-O-O Be6 17. Nd4 Nxd4 18. Rxd4 Rxd4 19. Bxd4 Rd8 20. Bc3
Bb3 21. Be2 Ne8 22. Bd1 Bxd1 23. Rxd1 Rxd1+ 24. Kxd1 h5 25. Ke2 Kd7 26. f4 g6
27. Kf3 Ke6 28. h3 Nd6 29. g4 hxg4+ 30. hxg4 f5 31. exf5+ gxf5 32. g5 Ne4 33.
Ke3 c5 34. a4 b6 35. Kd3 a6 36. Bg7 b5 37. g6 Nf6 38. Bh8 Ke7 39. Bg7 Ke6 40.
Bh8 Ke7 41. b3 Ke6 42. Bg7 Ke7 43. Bh8 Ke6 44. Bg7 Ke7 45. Bh8 1/2-1/2

[Event "BL 0607 SV Wattenscheid - SV Mülheim No"]
[Site "?"]
[Date "2006.12.09"]
[Round "5.4"]
[White "Bartel, Mateusz"]
[Black "Fridman, Daniel"]
[Result "1-0"]
[WhiteElo "2569"]
[BlackElo "2604"]
[PlyCount "115"]
[EventDate "2006.??.??"]

1. e4 e5 2. Nf3 Nf6 3. Nxe5 d6 4. Nf3 Nxe4 5. Nc3 Nxc3 6. dxc3 Be7 7. Bf4 Nd7
8. Qd2 O-O 9. O-O-O Nc5 10. Be3 Re8 11. Bc4 Be6 12. Bxe6 Nxe6 13. h4 Qd7 14.
Qd3 Qc6 15. Qf5 Qc4 16. Kb1 g6 17. Qh3 h5 18. Nd4 Nxd4 19. Rxd4 Qe6 20. Qf3 Bf6
21. Rb4 b6 22. Qc6 Rac8 23. Rd1 a5 24. Rc4 Rcd8 25. a4 Re7 26. Rd5 Qd7 27. g3
Qxc6 28. Rxc6 Ra8 29. Ka2 Kf8 30. Ka3 Ke8 31. b4 axb4+ 32. cxb4 Kd7 33. b5 Re4
34. c4 Re6 35. Kb3 Re5 36. Bxb6 Bd8 37. Rxe5 dxe5 38. Be3 Be7 39. Bd2 f6 40. a5
g5 41. hxg5 fxg5 42. Rh6 Bc5 43. Rxh5 Bxf2 44. Rxg5 e4 45. Re5 Rg8 46. Bf4 e3
47. a6 Kc8 48. Re7 Bxg3 49. Bxg3 Rxg3 50. Re8+ Kd7 51. a7 e2+ 52. Kb4 Rg8 53.
Rxe2 Ra8 54. Ra2 Kc8 55. c5 c6 56. bxc6 Kc7 57. Kb5 Rh8 58. Rd2 1-0

[Event "BL 0607 SV Wattenscheid - SV Mülheim No"]
[Site "?"]
[Date "2006.12.09"]
[Round "5.5"]
[White "Levin, Felix"]
[Black "Appel, Ralf"]
[Result "1/2-1/2"]
[WhiteElo "2513"]
[BlackElo "2507"]
[PlyCount "35"]
[EventDate "2006.??.??"]

1. d4 Nf6 2. c4 c6 3. Nc3 d5 4. e3 g6 5. Nf3 Bg7 6. Be2 O-O 7. O-O Nbd7 8. cxd5
Nxd5 9. Nxd5 cxd5 10. Qb3 Nf6 11. Bd2 Ne4 12. Bb4 f5 13. Nd2 Nxd2 14. Bxd2 Rf7
15. Rac1 e6 16. Rc2 Bd7 17. Rfc1 Qb6 18. f4 1/2-1/2

[Event "BL 0607 SV Wattenscheid - SV Mülheim No"]
[Site "?"]
[Date "2006.12.09"]
[Round "5.6"]
[White "Holzke, Frank Dr"]
[Black "Saltaev, Mihail"]
[Result "0-1"]
[WhiteElo "2461"]
[BlackElo "2512"]
[PlyCount "88"]
[EventDate "2006.??.??"]

1. e4 c6 2. d4 d5 3. Nc3 dxe4 4. Nxe4 Bf5 5. Ng3 Bg6 6. h4 h6 7. Nf3 Nd7 8. h5
Bh7 9. Bd3 Bxd3 10. Qxd3 e6 11. Bf4 Qa5+ 12. Bd2 Bb4 13. c3 Be7 14. c4 Qb6 15.
O-O-O Ngf6 16. Rde1 Rd8 17. Kb1 O-O 18. Nf5 Bb4 19. Bxb4 Qxb4 20. a3 Qa5 21.
Nd6 Qc7 22. c5 b6 23. Ne5 bxc5 24. Nexf7 Rxf7 25. Nxf7 Kxf7 26. Qe3 Qd6 27.
dxc5 Nxc5 28. Rc1 Nce4 29. Qxa7+ Rd7 30. Qe3 Qd5 31. Ka1 Nd2 32. Rh3 c5 33. Re1
c4 34. f3 Nb3+ 35. Kb1 Qf5+ 36. Ka2 Nd5 37. g4 Qf6 38. Qg1 Nc3+ 39. bxc3 Rd2+
40. Kb1 Qxc3 41. Qa7+ Kf6 42. Rxe6+ Kxe6 43. Qa6+ Ke7 44. Qb7+ Rd7 0-1

[Event "BL 0607 SV Wattenscheid - SV Mülheim No"]
[Site "?"]
[Date "2006.12.09"]
[Round "5.8"]
[White "Dinstuhl, Volkmar Dr"]
[Black "Schebler, Gerhard"]
[Result "1-0"]
[WhiteElo "2426"]
[BlackElo "2535"]
[PlyCount "83"]
[EventDate "2006.??.??"]

1. d4 d6 2. Nf3 g6 3. e4 Bg7 4. Nc3 Nf6 5. Be2 O-O 6. O-O Bg4 7. h3 Bxf3 8.
Bxf3 Nc6 9. Ne2 e5 10. c3 Qe7 11. d5 Nd8 12. c4 Nd7 13. Nc3 f5 14. Rb1 Nf7 15.
b4 Bh6 16. Bxh6 Nxh6 17. Rb3 Kh8 18. Re1 a6 19. Na4 Qh4 20. c5 Nf7 21. Qc2 Ng5
22. exf5 gxf5 23. cxd6 cxd6 24. Qc7 e4 25. Bd1 Rg8 26. Kf1 Nf6 27. Qxd6 Raf8
28. Qe5 f4 29. Bg4 Nf7 30. Qd4 h5 31. g3 Qg5 32. Be6 e3 33. fxe3 f3 34. g4 Rg7
35. e4 Qh4 36. Rxf3 hxg4 37. hxg4 Nh6 38. Ke2 Nhxg4 39. Kd1 Qh5 40. Kc1 Qg5+
41. Kb1 Rh7 42. Bxg4 1-0

[Event "BL 0607 Werder Bremen - Bindl-Aktionär"]
[Site "?"]
[Date "2006.12.09"]
[Round "5.2"]
[White "Efimenko, Zahar"]
[Black "Navara, David"]
[Result "1/2-1/2"]
[WhiteElo "2612"]
[BlackElo "2725"]
[PlyCount "116"]
[EventDate "2006.??.??"]

1. e4 e5 2. Nf3 Nc6 3. Bc4 Bc5 4. c3 Nf6 5. d3 a6 6. Bb3 Ba7 7. h3 h6 8. O-O
O-O 9. Re1 d6 10. Nbd2 Be6 11. Nf1 Re8 12. N3h2 d5 13. Qf3 Na5 14. Bc2 dxe4 15.
dxe4 Nc4 16. Ng3 Nd6 17. Nhf1 Nh7 18. Ne3 Qh4 19. Nef5 Bxf5 20. Nxf5 Nxf5 21.
exf5 Nf6 22. Bd2 Rad8 23. Rad1 Rxd2 24. Rxd2 e4 25. Qd1 e3 26. fxe3 Bxe3+ 27.
Kh1 Bxd2 28. Rxe8+ Nxe8 29. Qxd2 Nd6 30. Qe3 Qc4 31. b3 Qh4 32. c4 Qg5 33. Qf2
Qc1+ 34. Kh2 Qb2 35. Qe2 Kf8 36. Qd3 Qe5+ 37. Kg1 Ke7 38. Qf3 c5 39. Bd3 Kd7
40. a4 Kc7 41. a5 Ne8 42. Kf2 Nf6 43. Qe3 Kd6 44. Qxe5+ Kxe5 45. Ke3 Ne8 46. g4
Nd6 47. Be2 h5 48. Bf3 h4 49. Bg2 g6 50. fxg6 fxg6 51. Bf3 g5 52. Bd5 Nb5 53.
cxb5 Kxd5 54. bxa6 bxa6 55. Kd3 Kd6 56. Kc3 Kc6 57. Kc4 Kd6 58. Kc3 Kc6 1/2-1/2

[Event "BL 0607 Werder Bremen - Bindl-Aktionär"]
[Site "?"]
[Date "2006.12.09"]
[Round "5.3"]
[White "Baklan, Vladimir"]
[Black "Hracek, Zbynek"]
[Result "1/2-1/2"]
[WhiteElo "2622"]
[BlackElo "2614"]
[PlyCount "111"]
[EventDate "2006.??.??"]

1. e4 c5 2. Nf3 d6 3. d4 cxd4 4. Nxd4 Nf6 5. Nc3 a6 6. Be2 e5 7. Nb3 Be7 8. O-O
O-O 9. a4 b6 10. Bc4 Be6 11. Nd5 Bxd5 12. Bxd5 Nxd5 13. Qxd5 Nd7 14. Qd3 Qc7
15. Be3 Rfc8 16. Rfc1 h6 17. Nd2 Qc6 18. c4 Bg5 19. Bxg5 hxg5 20. Qe3 Nc5 21.
Qxg5 Nxe4 22. Nxe4 Qxe4 23. b3 Re8 24. Rc3 Re6 25. Rg3 Rg6 26. Qd2 Rxg3 27.
hxg3 Qc6 28. Rd1 Rd8 29. g4 Qe4 30. g5 Qg4 31. Re1 Qe6 32. f4 Re8 33. Qf2 Qf5
34. Qxb6 Qxf4 35. g6 fxg6 36. Qxd6 g5 37. Qd5+ Kh7 38. Qe4+ Qxe4 39. Rxe4 Kg6
40. Kf2 Kf5 41. Re3 a5 42. Rd3 Ke4 43. Ke2 g4 44. Rg3 Kd4 45. Rxg4+ Kc3 46.
Rg3+ Kc2 47. Rd3 Re6 48. Rg3 e4 49. c5 Rc6 50. Ke3 Rxc5 51. Kxe4 Rc3 52. Rg5
Kxb3 53. Rxa5 Rg3 54. Rb5+ Kxa4 55. Rb2 g5 56. Kf5 1/2-1/2

[Event "BL 0607 Werder Bremen - Bindl-Aktionär"]
[Site "?"]
[Date "2006.12.09"]
[Round "5.4"]
[White "Babula, Vlastimil"]
[Black "Baramidze, David"]
[Result "0-1"]
[WhiteElo "2584"]
[BlackElo "2585"]
[PlyCount "108"]
[EventDate "2006.??.??"]

1. d4 Nf6 2. c4 g6 3. Nc3 d5 4. Nf3 Bg7 5. Qb3 dxc4 6. Qxc4 O-O 7. e4 Bg4 8.
Be3 Nfd7 9. Qb3 c5 10. d5 Na6 11. Be2 Rb8 12. O-O b5 13. a4 c4 14. Qc2 Bxf3 15.
gxf3 Nb4 16. Qd2 a6 17. f4 Qc8 18. axb5 axb5 19. Ra7 Nf6 20. e5 Nh5 21. Ne4 Nd3
22. Rxe7 Qh3 23. d6 Bh6 24. Bxh5 gxh5 25. f5 Qg4+ 26. Ng3 Bxe3 27. Qxe3 h4 28.
e6 hxg3 29. fxg3 Qh5 30. d7 fxe6 31. Qxe6+ Kh8 32. Qd6 Qg5 33. Qd4+ Qf6 34.
Qxf6+ Rxf6 35. Re8+ Rf8 36. Re7 b4 37. Rf3 Rbd8 38. b3 Rxd7 39. Rxd7 Ne5 40.
Rf4 Nxd7 41. Rxc4 Rb8 42. Kf2 Ne5 43. Rd4 Rb5 44. g4 Rc5 45. Kg3 Nc6 46. Rd6
Kg7 47. Kf4 Kf7 48. h4 Ne7 49. Kg5 Rc3 50. Rd7 Rxb3 51. Rb7 Rb1 52. h5 b3 53.
h6 b2 54. Rb8 Nxf5 0-1

[Event "BL 0607 Werder Bremen - Bindl-Aktionär"]
[Site "?"]
[Date "2006.12.09"]
[Round "5.5"]
[White "Prusikin, Michael"]
[Black "Nyback, Tomi"]
[Result "1/2-1/2"]
[WhiteElo "2560"]
[BlackElo "2575"]
[PlyCount "54"]
[EventDate "2006.??.??"]

1. d4 Nf6 2. Nf3 e6 3. Bg5 c5 4. e3 Qb6 5. Nbd2 Qxb2 6. Bd3 d5 7. c4 Qc3 8. Bc2
Ne4 9. Bxe4 dxe4 10. Ne5 Nd7 11. O-O Nxe5 12. Nxe4 Qd3 13. dxe5 Qxd1 14. Rfxd1
Bd7 15. f3 Bc6 16. Nd6+ Bxd6 17. Rxd6 h6 18. Bh4 g5 19. Bf2 Ba4 20. e4 b6 21.
h4 Ke7 22. hxg5 hxg5 23. g4 f6 24. Bg3 fxe5 25. Bxe5 Rhd8 26. Rxd8 Rxd8 27. Kf2
Rd1 1/2-1/2

[Event "BL 0607 Werder Bremen - Bindl-Aktionär"]
[Site "?"]
[Date "2006.12.09"]
[Round "5.6"]
[White "Fish, Gennadij"]
[Black "Bischoff, Klaus"]
[Result "1/2-1/2"]
[WhiteElo "2529"]
[BlackElo "2533"]
[PlyCount "56"]
[EventDate "2006.??.??"]

1. d4 Nf6 2. c4 e6 3. Nc3 d5 4. Bg5 Be7 5. cxd5 exd5 6. e3 c6 7. Bd3 Nbd7 8.
Nge2 Nh5 9. Bxe7 Qxe7 10. g4 Nhf6 11. g5 Nh5 12. Rg1 g6 13. Qc2 Nf8 14. O-O-O
Ne6 15. h4 O-O 16. Ng3 Nxg3 17. fxg3 Ng7 18. e4 Be6 19. Rge1 Rac8 20. Kb1 Qd6
21. Qf2 Rfd8 22. Bc2 b5 23. Rf1 Rd7 24. Qf3 Re7 25. g4 b4 26. Na4 dxe4 27. Bxe4
Bc4 28. Bd3 Bxd3+ 1/2-1/2

[Event "BL 0607 Werder Bremen - Bindl-Aktionär"]
[Site "?"]
[Date "2006.12.09"]
[Round "5.8"]
[White "Knaak, Rainer"]
[Black "Markos, Jan"]
[Result "0-1"]
[WhiteElo "2486"]
[BlackElo "2538"]
[PlyCount "206"]
[EventDate "2006.??.??"]

1. d4 Nf6 2. c4 e6 3. Nc3 Bb4 4. Qc2 c5 5. dxc5 O-O 6. a3 Bxc5 7. Nf3 b6 8. Bg5
Bb7 9. e4 h6 10. Bh4 Be7 11. O-O-O Nc6 12. e5 Ne8 13. Bg3 Na5 14. Be2 Rc8 15.
Rd4 Bxf3 16. Bxf3 Nxc4 17. Rhd1 d5 18. exd6 Bxd6 19. Be2 Nxa3 20. bxa3 Bxa3+
21. Kb1 Qe7 22. Qb3 Nf6 23. Ba6 Ra8 24. Bh4 Bc5 25. Rd7 Qxd7 26. Rxd7 Nxd7 27.
f4 Bd4 28. Qa4 Bf6 29. Qxd7 Bxh4 30. f5 exf5 31. Qxf5 Rad8 32. Bc4 Rd4 33. Bb3
Rd2 34. Ne4 Rxg2 35. h3 Rg1+ 36. Kc2 Rg2+ 37. Kb1 Rg1+ 38. Kc2 g6 39. Qd7 Rg2+
40. Kb1 Rg1+ 41. Kb2 Rf1 42. Bc4 Bf6+ 43. Nxf6+ Rxf6 44. Qxa7 Rc8 45. Bd5 Rc5
46. Qd7 Rf5 47. Bb3 Rf2+ 48. Ka3 Ra5+ 49. Kb4 Rf4+ 50. Kc3 Rg5 51. Qe8+ Kg7 52.
Qe3 Rgf5 53. Bd1 Rc5+ 54. Kb3 Rf6 55. Qd4 Rcf5 56. Be2 Rf2 57. Qe3 h5 58. Bd1
Rg2 59. Qe5 Rd2 60. Be2 Rdd6 61. Bc4 Rc6 62. Bd5 Rc1 63. Bc4 Rh1 64. Qc3 Rg1
65. Qe3 Rg2 66. Bd5 Rgf2 67. Qd4 Kh7 68. Qe5 R2f5 69. Qe7 Kg7 70. Qd7 Rg5 71.
Be4 Rg3+ 72. Kc4 Re3 73. Qd4 Rxh3 74. Kb5 Rb3+ 75. Ka6 Rg3 76. Bd5 Rg4 77. Qc3
Rgf4 78. Kb7 R4f5 79. Qd4 h4 80. Bg2 Rf4 81. Qe5 Rg4 82. Bd5 Rgf4 83. Bg2 R4f5
84. Qd4 g5 85. Bh3 Rf3 86. Qe5 Rxh3 87. Qxg5+ Rg6 88. Qe5+ Kh7 89. Qf5 Rhg3 90.
Qh5+ Rh6 91. Qf5+ Rgg6 92. Ka6 Kg7 93. Qe5+ Rf6 94. Qg5+ Rhg6 95. Qxh4 Rg2 96.
Qd4 Rg5 97. Kb7 Kg6 98. Qe4+ Kg7 99. Qd4 b5 100. Qc3 Rgg6 101. Qd4 b4 102. Kc7
b3 103. Kd7 Kg8 0-1

[Event "BL 0607 Hamburger SK - SF Berlin"]
[Site "?"]
[Date "2006.12.09"]
[Round "5.1"]
[White "Brynell, Stellan"]
[Black "Gustafsson, Jan"]
[Result "1/2-1/2"]
[WhiteElo "2502"]
[BlackElo "2584"]
[PlyCount "68"]
[EventDate "2006.??.??"]

1. d4 d5 2. c4 c6 3. Nc3 Nf6 4. e3 a6 5. Nf3 e6 6. c5 Nbd7 7. b4 g6 8. Bd3 Bg7
9. O-O O-O 10. e4 e5 11. dxe5 Nxe4 12. Bxe4 dxe4 13. Bg5 Qc7 14. Nxe4 Nxe5 15.
Nf6+ Kh8 16. Qd4 h6 17. Qh4 Nxf3+ 18. gxf3 Qe5 19. f4 Qf5 20. Rfe1 Qh3 21. Rad1
a5 22. a3 axb4 23. axb4 Be6 24. Re3 Qxh4 25. Bxh4 Ra4 26. Re4 Ra3 27. Re3 Ra4
28. Re4 Rfa8 29. Red4 Bd5 30. h3 Ra3 31. Kh2 Rf3 32. R1d3 Ra3 33. Rxa3 Rxa3 34.
Rd1 Bxf6 1/2-1/2

[Event "BL 0607 Hamburger SK - SF Berlin"]
[Site "?"]
[Date "2006.12.09"]
[Round "5.2"]
[White "Ftacnik, Lubomir"]
[Black "Polzin, Rainer"]
[Result "1-0"]
[WhiteElo "2580"]
[BlackElo "2480"]
[PlyCount "75"]
[EventDate "2006.??.??"]

1. d4 Nf6 2. Nf3 g6 3. c4 Bg7 4. Nc3 O-O 5. e4 d6 6. Be2 e5 7. O-O Nc6 8. d5
Ne7 9. Nd2 Nd7 10. b4 f5 11. c5 Nf6 12. f3 f4 13. Nc4 g5 14. Ba3 Ng6 15. b5
dxc5 16. Bxc5 Rf7 17. a4 h5 18. h3 Bf8 19. Bf2 g4 20. fxg4 hxg4 21. hxg4 Ne8
22. d6 cxd6 23. Nd5 Be6 24. b6 a6 25. Ra3 Rc8 26. Rh3 Nf6 27. Nc7 Qd7 28. Nxe6
Qxe6 29. Nd2 f3 30. Rxf3 Nf4 31. Rxf4 exf4 32. g5 Nd7 33. Bg4 Qe7 34. g6 Rf6
35. Qb3+ Kg7 36. Qh3 Rxg6 37. Bxd7 Rh6 38. Bd4+ 1-0

[Event "BL 0607 Hamburger SK - SF Berlin"]
[Site "?"]
[Date "2006.12.09"]
[Round "5.3"]
[White "Thiede, Lars"]
[Black "Kempinski, Robert"]
[Result "0-1"]
[WhiteElo "2504"]
[BlackElo "2590"]
[PlyCount "110"]
[EventDate "2006.??.??"]

1. g3 d5 2. Bg2 Nf6 3. Nf3 g6 4. b3 c5 5. Bb2 Nc6 6. O-O Bg7 7. e3 O-O 8. d3
Re8 9. Ne5 Nxe5 10. Bxe5 Bg4 11. Qc1 Qd7 12. Qb2 Bh3 13. Nd2 Rac8 14. Rad1 Red8
15. Rfe1 b5 16. e4 c4 17. dxc4 dxc4 18. Nf1 Qe6 19. Bxh3 Qxh3 20. Bxf6 Bxf6 21.
e5 Bg7 22. bxc4 bxc4 23. Qb7 Qe6 24. Rxd8+ Rxd8 25. Qxa7 Bxe5 26. Qe3 Rd5 27.
Qe4 c3 28. f4 Bd4+ 29. Kg2 Qxe4+ 30. Rxe4 Kf8 31. Kf3 f5 32. Re1 Ra5 33. Ra1
Ra4 34. Ke2 e5 35. fxe5 Bxe5 36. Ne3 Kf7 37. Nd1 Ke6 38. Nf2 g5 39. Nd3 Bd6 40.
Ke3 h5 41. Ke2 h4 42. Kf3 Kf6 43. Kg2 hxg3 44. hxg3 Rg4 45. a4 Rxg3+ 46. Kf2
Rh3 47. a5 Rh2+ 48. Ke3 Bb8 49. Nb4 Rd2 50. Nc6 Bf4+ 51. Kf3 Bd6 52. a6 g4+ 53.
Ke3 Kg5 54. Ra4 Bc5+ 55. Rd4 g3 0-1

[Event "BL 0607 Hamburger SK - SF Berlin"]
[Site "?"]
[Date "2006.12.09"]
[Round "5.4"]
[White "Hansen, Sune Berg"]
[Black "Berndt, Stephan"]
[Result "0-1"]
[WhiteElo "2561"]
[BlackElo "2445"]
[PlyCount "118"]
[EventDate "2006.??.??"]

1. e4 c5 2. d3 Nc6 3. g3 g6 4. Bg2 Bg7 5. f4 d6 6. Nf3 e6 7. O-O Nge7 8. c3 O-O
9. Na3 b6 10. Be3 Bb7 11. Nc2 Qd7 12. Bf2 Rad8 13. Re1 e5 14. f5 d5 15. g4 dxe4
16. dxe4 Qxd1 17. Raxd1 Na5 18. Rxd8 Rxd8 19. Bh4 f6 20. g5 Rf8 21. gxf6 Bxf6
22. Bxf6 Rxf6 23. Nxe5 gxf5 24. exf5 Bxg2 25. Ng4 Rd6 26. Rxe7 Bh3 27. Nce3 Nc6
28. Rc7 Bxg4 29. Nxg4 h5 30. Nf2 Ne5 31. Ne4 Rd1+ 32. Kf2 Rd3 33. Nf6+ Kf8 34.
Nxh5 Rh3 35. Nf4 Rf3+ 36. Ke2 Rxf4 37. Rxa7 Rxf5 38. Rb7 Rf6 39. b4 Ke8 40. a4
Nd7 41. Ra7 Rf4 42. a5 bxa5 43. bxc5 a4 44. c6 Nb6 45. Kd3 Kd8 46. Rb7 Nc4 47.
c7+ Kc8 48. Ra7 Ne5+ 49. Kc2 Nc6 50. Ra8+ Kxc7 51. Kb2 Kb6 52. Ka3 Na7 53. Rb8+
Kc5 54. Kb2 Nb5 55. Rc8+ Kb6 56. h3 Rf2+ 57. Kb1 a3 58. c4 a2+ 59. Ka1 Nc3 0-1

[Event "BL 0607 Hamburger SK - SF Berlin"]
[Site "?"]
[Date "2006.12.09"]
[Round "5.5"]
[White "Borriss, Martin Dr"]
[Black "Mueller, Karsten Dr"]
[Result "0-1"]
[WhiteElo "2455"]
[BlackElo "2500"]
[PlyCount "80"]
[EventDate "2006.??.??"]

1. e4 c5 2. Nf3 e6 3. d4 cxd4 4. Nxd4 Nf6 5. Nc3 Nc6 6. Nxc6 bxc6 7. e5 Nd5 8.
Ne4 Qc7 9. f4 Qb6 10. c4 Ne3 11. Qd3 Bb4+ 12. Nc3 Nf5 13. Bd2 O-O 14. a3 Be7
15. b4 a5 16. c5 Qc7 17. Ne4 axb4 18. Bxb4 f6 19. Qc3 fxe5 20. fxe5 Nh4 21.
O-O-O Ng6 22. Nd6 Nf4 23. Kb1 Nd5 24. Rxd5 cxd5 25. Bd3 Ba6 26. Bc2 Rf4 27. g3
Rf2 28. Qd4 Raf8 29. h4 Qc6 30. Rc1 R2f3 31. Rg1 Bb5 32. Ka1 Qa6 33. Nxb5 Qxb5
34. Bb1 Qe2 35. Rc1 Ra8 36. Rc2 Qe3 37. Qb2 Rxg3 38. Rc3 Qxe5 39. Rxg3 Qxg3 40.
Qc2 Qxh4 0-1

[Event "BL 0607 Hamburger SK - SF Berlin"]
[Site "?"]
[Date "2006.12.09"]
[Round "5.6"]
[White "Reeh, Oliver"]
[Black "Poldauf, Dirk"]
[Result "0-1"]
[WhiteElo "2445"]
[BlackElo "2433"]
[PlyCount "82"]
[EventDate "2006.??.??"]

1. e4 e6 2. d4 d5 3. Nd2 Nf6 4. e5 Nfd7 5. Ngf3 c5 6. c3 Nc6 7. Bd3 Be7 8. O-O
g5 9. dxc5 Ndxe5 10. Bb5 Ng6 11. c4 O-O 12. cxd5 Qxd5 13. Nb3 g4 14. Qxd5 exd5
15. Ne1 a5 16. a4 Bf6 17. Nd3 Bf5 18. f3 Nd4 19. Nxd4 Bxd4+ 20. Kh1 gxf3 21.
Rxf3 Be4 22. Rg3 Kh8 23. Bh6 Rg8 24. Rd1 Nh4 25. Nf4 Bxb2 26. Bd7 Be5 27. Bh3
Ng6 28. Nxg6+ hxg6 29. Rg4 f5 30. Rh4 Bf6 31. Bg5+ Kg7 32. Bxf6+ Kxf6 33. Kg1
Rac8 34. g4 Rxc5 35. Rh7 Rg7 36. Rh8 Rc2 37. Rb1 Rc3 38. Rb6+ Ke5 39. Rb5 Kf4
40. Rxa5 Ke3 41. Bf1 f4 0-1

[Event "BL 0607 Hamburger SK - SF Berlin"]
[Site "?"]
[Date "2006.12.09"]
[Round "5.7"]
[White "Kraemer, Martin"]
[Black "Heinemann, Thies"]
[Result "1/2-1/2"]
[WhiteElo "2435"]
[BlackElo "2453"]
[PlyCount "35"]
[EventDate "2006.??.??"]

1. e4 c5 2. Nf3 d6 3. d4 cxd4 4. Nxd4 Nf6 5. Nc3 a6 6. Be3 e5 7. Nb3 Be6 8. f3
Nbd7 9. g4 Nb6 10. g5 Nh5 11. Qd2 Be7 12. O-O-O O-O 13. Rg1 Rc8 14. Kb1 Qc7 15.
Qf2 Bd8 16. Qd2 Be7 17. Qf2 Bd8 18. Qd2 1/2-1/2

[Event "BL 0607 Hamburger SK - SF Berlin"]
[Site "?"]
[Date "2006.12.09"]
[Round "5.8"]
[White "Sebastian, Dirk"]
[Black "Schneider, Ilja"]
[Result "1-0"]
[WhiteElo "2384"]
[BlackElo "2368"]
[PlyCount "81"]
[EventDate "2006.??.??"]

1. e4 c5 2. Nf3 Nf6 3. Nc3 Nc6 4. d4 d5 5. exd5 Nxd5 6. Bb5 Bg4 7. h3 Bh5 8. g4
Bg6 9. Ne5 Nxc3 10. bxc3 Qa5 11. Bxc6+ bxc6 12. Qf3 Rc8 13. O-O e6 14. Rb1 cxd4
15. Rb8 Qc7 16. Bf4 Qxb8 17. Nxg6 Qb2 18. Nxh8 Qxc3 19. Qxc3 dxc3 20. Rb1 f6
21. g5 Rd8 22. Rb7 Rd7 23. Rb8+ Rd8 24. Rxd8+ Kxd8 25. g6 h6 26. Be3 a6 27. Bd4
Kd7 28. f4 Kd6 29. Bxc3 Kd5 30. Kg2 Ke4 31. Kg3 Kf5 32. Nf7 Kxg6 33. Nd8 Kf5
34. Nxc6 Ke4 35. Nd4 e5 36. fxe5 fxe5 37. Ne6 Bd6 38. Nxg7 Kd5 39. Nf5 Bf8 40.
Kf3 e4+ 41. Ke2 1-0

[Event "BL 0607 SK König-Tegel - OSC Baden Bade"]
[Site "?"]
[Date "2006.12.10"]
[Round "6.2"]
[White "Stern, Rene"]
[Black "Nisipeanu, Liviu-Dieter"]
[Result "0-1"]
[WhiteElo "2476"]
[BlackElo "2690"]
[PlyCount "80"]
[EventDate "2006.??.??"]

1. d4 Nf6 2. c4 c5 3. d5 e5 4. Nc3 d6 5. e4 Nbd7 6. Be2 Be7 7. Nf3 O-O 8. O-O
a6 9. a3 Nh5 10. g3 g6 11. Ne1 Ng7 12. Nd3 f5 13. f4 exf4 14. Bxf4 g5 15. Bd2
Bf6 16. exf5 Bd4+ 17. Kh1 Nxf5 18. Ne4 h6 19. Rxf5 Rxf5 20. Nxd6 Rf6 21. Nxc8
Rxc8 22. Bg4 b5 23. Be6+ Kg7 24. Qg4 bxc4 25. Nf4 Ne5 26. Nh5+ Kh8 27. Qe4 Nd3
28. Be3 Bxe3 29. Qxe3 Rb8 30. b4 Qf8 31. Kg1 Rf3 32. Qe4 Re8 33. Rd1 Nf2 34.
Qe5+ Kh7 35. Rf1 Nh3+ 36. Kg2 Rxe6 37. dxe6 Rxf1 38. Qe4+ Qf5 39. Nf6+ Kg6 40.
Qxf5+ Rxf5 0-1

[Event "BL 0607 SK König-Tegel - OSC Baden Bade"]
[Site "?"]
[Date "2006.12.10"]
[Round "6.3"]
[White "Vallejo Pons, Francisco"]
[Black "Muse, Mladen"]
[Result "1-0"]
[WhiteElo "2674"]
[BlackElo "2443"]
[PlyCount "95"]
[EventDate "2006.??.??"]

1. d4 Nf6 2. c4 g6 3. Nc3 Bg7 4. e4 d6 5. Nf3 O-O 6. Be2 e5 7. d5 a5 8. Bg5 h6
9. Bh4 Bg4 10. Nd2 Bxe2 11. Qxe2 Qe8 12. g4 Nbd7 13. f3 Nh7 14. Bf2 f5 15. h3
fxe4 16. Ncxe4 Nhf6 17. Be3 Nxe4 18. Nxe4 Qe7 19. O-O b6 20. Kg2 Rf7 21. Rh1
Nf6 22. Ng3 b5 23. b3 a4 24. b4 a3 25. Rab1 Rff8 26. Ne4 bxc4 27. Qxc4 Qf7 28.
Nxf6+ Bxf6 29. Qe4 Bg5 30. Bf2 Kg7 31. h4 Bf4 32. b5 h5 33. gxh5 gxh5 34. Kf1
Qf5 35. Rg1+ Kh8 36. Qxf5 Rxf5 37. Ke2 Re8 38. Rb4 Kh7 39. Rd1 Bh6 40. Rc4 Re7
41. Rd3 Rf4 42. Rxf4 exf4+ 43. Kf1 Re5 44. Rc3 Rxd5 45. Rxc7+ Kg6 46. b6 Rd1+
47. Kg2 Rd2 48. b7 1-0

[Event "BL 0607 SK König-Tegel - OSC Baden Bade"]
[Site "?"]
[Date "2006.12.10"]
[Round "6.4"]
[White "Muse, Drazen"]
[Black "Movsesian, Sergei"]
[Result "0-1"]
[WhiteElo "2412"]
[BlackElo "2637"]
[PlyCount "108"]
[EventDate "2006.??.??"]

1. d4 Nf6 2. Nf3 d5 3. c4 c6 4. Qc2 g6 5. Bf4 Bg7 6. e3 O-O 7. Nc3 Bf5 8. Qb3
Qb6 9. c5 Qxb3 10. axb3 Nbd7 11. h3 h6 12. b4 a6 13. Be2 Rfe8 14. O-O g5 15.
Bg3 Ne4 16. Nxe4 Bxe4 17. Rfd1 Bxf3 18. Bxf3 f5 19. Rd2 e5 20. dxe5 Bxe5 21.
Bxe5 Nxe5 22. Be2 Rf8 23. Rd4 Rae8 24. Kf1 Re7 25. g3 Nf7 26. Ra3 Nd8 27. Bd1
Ne6 28. Rd2 Nc7 29. Bc2 h5 30. Kg2 Kg7 31. Kf3 Ne6 32. Kg2 Kf6 33. Bd1 Rh8 34.
Bc2 Rf7 35. Rd1 Ke7 36. Rd2 Rh6 37. Ra1 Rhf6 38. Bd1 Rh7 39. Bc2 Rh8 40. Ra3
Rhf8 41. Bd1 h4 42. g4 f4 43. Bc2 fxe3 44. fxe3 Rf3 45. Bf5 Rg3+ 46. Kh2 Kf6
47. Rf2 Ke5 48. Re2 Ng7 49. e4 Rxa3 50. exd5+ Kxd5 51. Be4+ Kd4 52. bxa3 Re8
53. Bf3 Rxe2+ 54. Bxe2 Ne6 0-1

[Event "BL 0607 SK König-Tegel - OSC Baden Bade"]
[Site "?"]
[Date "2006.12.10"]
[Round "6.5"]
[White "Krasenkow, Michal"]
[Black "Von Herman, Ulf"]
[Result "1-0"]
[WhiteElo "2647"]
[BlackElo "2364"]
[PlyCount "73"]
[EventDate "2006.??.??"]

1. Nf3 Nf6 2. d4 c6 3. c4 d6 4. Nc3 Bg4 5. e4 Nbd7 6. h3 Bh5 7. Be3 e5 8. d5
Be7 9. g4 Bg6 10. Nd2 Nc5 11. f3 Nfd7 12. b4 Bh4+ 13. Bf2 Na6 14. a3 Nab8 15.
Nb3 h5 16. Qe2 hxg4 17. fxg4 a5 18. Bxh4 Qxh4+ 19. Qf2 Qxf2+ 20. Kxf2 axb4 21.
axb4 Rxa1 22. Nxa1 Na6 23. dxc6 bxc6 24. Nc2 c5 25. b5 Nb4 26. Ne3 Nb6 27. Be2
Kd8 28. h4 Kc7 29. h5 Bh7 30. Ra1 Kb7 31. g5 g6 32. h6 Nd7 33. Rd1 f6 34. Rxd6
Kc7 35. Re6 fxg5 36. Ncd5+ Kd8 37. Bg4 1-0

[Event "BL 0607 SK König-Tegel - OSC Baden Bade"]
[Site "?"]
[Date "2006.12.10"]
[Round "6.6"]
[White "Sarbok, Torsten"]
[Black "Dautov, Rustem"]
[Result "0-1"]
[WhiteElo "2325"]
[BlackElo "2577"]
[PlyCount "94"]
[EventDate "2006.??.??"]

1. e4 c6 2. d4 d5 3. Nd2 dxe4 4. Nxe4 Bf5 5. Ng3 Bg6 6. Nf3 Nd7 7. Bd3 Ngf6 8.
O-O e6 9. Re1 Be7 10. c3 O-O 11. Bxg6 hxg6 12. Qb3 Qc7 13. Bg5 Bd6 14. Bxf6
gxf6 15. Ne4 Be7 16. g3 Rad8 17. Rad1 Rfe8 18. Kg2 Bf8 19. h4 Bg7 20. Qc4 Nb6
21. Qb3 Nc8 22. Rh1 Nd6 23. Rde1 Nxe4 24. Rxe4 f5 25. Re2 c5 26. Qc4 Rc8 27. d5
exd5 28. Rxe8+ Rxe8 29. Qxd5 Rd8 30. Qc4 Qc6 31. Qe2 Re8 32. Qd2 Bf6 33. Rd1
Rd8 34. Qe2 Rxd1 35. Qxd1 f4 36. Qe2 fxg3 37. fxg3 b5 38. Qd2 a5 39. Qf4 Kg7
40. Kh3 Qe6+ 41. g4 Qxa2 42. h5 gxh5 43. gxh5 Qe6+ 44. Kg2 a4 45. Kf2 Be7 46.
Ne5 Qf6 47. h6+ Kh7 0-1